Embodied carbon in natural building stone in Scotland (Record no. 112246)

MARC details
000 -LEADER
fixed length control field 00976cad a22002415a 4500
001 - CONTROL NUMBER
control field E152881
008 - FIXED-LENGTH DATA ELEMENTS--GENERAL INFORMATION
fixed length control field 110510s2010 xxk f 000 0 eng d
035 ## - SYSTEM CONTROL NUMBER
System control number (Sirsi) u152881
041 0# - LANGUAGE CODE
Language code of text/sound track or separate title eng
100 1# - MAIN ENTRY--PERSONAL NAME
Personal name Chishna, Naeeda
245 00 - TITLE STATEMENT
Title Embodied carbon in natural building stone in Scotland
Medium [electronic resource]
260 ## - PUBLICATION, DISTRIBUTION, ETC.
Place of publication, distribution, etc. Edinburgh
Name of publisher, distributor, etc. Historic Scotland
Date of publication, distribution, etc. 2010
490 #0 - SERIES STATEMENT
Series statement Historic Scotland Technical Paper
Volume/sequential designation (7)
520 ## - SUMMARY, ETC.
Summary, etc. Assesses the carbon embodied in natural building stone used in Scotland, in order to judge the carbon footprint of sandstone, granite and slate from the UK and overseas.
590 ## - LOCAL NOTE (RLIN)
Local note KA
651 #4 - SUBJECT ADDED ENTRY--GEOGRAPHIC NAME
Geographic name Scotland
Chronological subdivision 1999-
690 ## - LOCAL SUBJECT ADDED ENTRY--TOPICAL TERM (OCLC, RLIN)
Topical term or geographic name as entry element BUILT ENVIRONMENT-BUILDING MATERIALS-STONE
700 1# - ADDED ENTRY--PERSONAL NAME
Personal name Goodsir, Suzy
700 1# - ADDED ENTRY--PERSONAL NAME
Personal name Banfill, Phil
700 1# - ADDED ENTRY--PERSONAL NAME
Personal name Baker, Keith
856 40 - ELECTRONIC LOCATION AND ACCESS
Uniform Resource Identifier <a href="https://www.historic-scotland.gov.uk/publicationsresultsdetail.htm?id=4dc88ed27">https://www.historic-scotland.gov.uk/publicationsresultsdetail.htm?id=4dc88ed27</a>
Public note View the report free of charge at www.historic-scotland.gov.uk
942 ## - ADDED ENTRY ELEMENTS (KOHA)
Suppress in OPAC 0
Holdings
Withdrawn status Lost status Source of classification or shelving scheme Damaged status Not for loan Home library Current library Shelving location Date acquired Total Checkouts Full call number Barcode Date last seen Copy number Price effective from Koha item type
    Dewey Decimal Classification     Virtual Virtual Online 10/05/2011   ONLINE PUBLICATION 152881-1001 06/08/2019 1 06/08/2019 Book